Presidential trivia - Statistics

General Stats
  • This quiz has been taken 83 times
  • The average score is 12 of 21
Answer Stats
Hint Answer % Correct
Only President elected to more than two terms? Franklin D. Roosevelt
93%
First President to die in office? William Henry Harrison
82%
Only President elected to non-consecutive terms? Grover Cleveland
80%
Tallest President? Abraham Lincoln
73%
Only President to receive a pardon? Richard Nixon
72%
First President to be impeached? Andrew Johnson
70%
First grandson of a former President to be elected President? Benjamin Harrison
70%
Oldest President at the time they took office? Donald Trump
68%
Only President to never marry? James Buchanan
68%
Only person to become President without being elected as President or Vice President? Gerald Ford
65%
First President born a US citizen, rather than a British subject? Martin Van Buren
65%
Only President to have led troops in the field while in office? George Washington
60%
Shortest President? James Madison
60%
First President to serve as Chief Justice of the Supreme Court? William Taft
58%
Youngest President at the time they took office? Theodore Roosevelt
50%
Only President to have a doctorate degree? Woodrow Wilson
37%
First person to become President despite losing the popular vote? John Quincy Adams
30%
First President to live more than 30 years after leaving office? Herbert Hoover
25%
Last President who owned a slave? Ulysses S. Grant
22%
First President to have never served in any other elected office? Zachary Taylor
15%
First President whose veto was overriden by Congress? John Tyler
10%
No matching quizzes found
Score Distribution
Percent of People with Each Score
Percentile by Number Answered
Your Score History
You have not taken this quiz